| 000 | 00589nam a2200193Ia 4500 | ||
|---|---|---|---|
| 008 | 151119s9999||||xx |||||||||||||| ||und|| | ||
| 082 | _a891.464 | ||
| 082 | _bGKKV2211 | ||
| 100 | _aजाधव रा ग | ||
| 245 | _aकला साहित्य व संस्कृती | ||
| 260 | _a-- | ||
| 260 | _b-- | ||
| 260 | _c0 | ||
| 600 | _aजाधव रा ग | ||
| 630 | _aकला साहित्य व संस्कृती | ||
| 700 | _aजाधव रा ग | ||
| 730 | _aकला साहित्य व संस्कृती | ||
| 942 | _cBOOK | ||
| 999 |
_c1058265 _d1058262 |
||